00895nam a2200265Ia 4500001001000000003000500010008004100015010001100056040000900067082001900076100002800095245007600123260004400199300001100243650004000254650004300294901001900337902000600356905006300362910000900425942000900434942001200443999001900455952015500474Para_6415CHAP220125s1950 xx 000 0 und d a205155 cCHAP aPA 595.799 F75 aFrisch, Karl Von943483 aBees thein vision, chemical senses, and language /c by Karl Von Frisch aIthaca, New York :b Cornell University a119 p. aAbejasx Hábitos y conducta 9188 aAbejasxAnatomía y fisiología9184 aPA 595.799 F75 aA a0000001950 a 0000000000 00 a1950 cPARA cPARAd1 c205155d205155 00102ddc4051708GRALaPAbPAd2005-10-27i(PA_3720) (No. UACh C/E)l0oPA 595.799 F75p4102001238r2022-01-25 00:00:00tEj.1w2022-01-25yLIBROz3